| 000 | 01076nac a22003377a 4500 | ||
|---|---|---|---|
| 001 | BR2016003015 | ||
| 003 | BR-BrBNA | ||
| 005 | 20240105124034.0 | ||
| 008 | 230509b bl.|||m| |||| 00| 0 por d | ||
| 040 |
_aBR-BrBNA _bpor _cBiblioteca Nacional de Agricultura |
||
| 072 | _aF62; F61 | ||
| 090 | _a3830 BR2016003015 | ||
| 100 | 1 | _aCastro, P.R. de C. e | |
| 100 | 1 | _aSerciloto, C.M. | |
| 100 | 1 | _aPereira, M.A. | |
| 100 | 1 | _aRodrigues, J.L.M. | |
| 110 | 1 | _aEscola Superior de Agricultura Luiz de Queiroz, Piracicaba, SP (Brasil) | |
| 245 | 1 | _aUtilização de fosfitos e potencial de aplicação dos aminoácidos na agricultura tropical | |
| 260 | 3 |
_aPiracicaba, SP (Brasil): _c2008. |
|
| 300 | _a71 p. | ||
| 490 |
_aSérie Produtor Rural (Brazil) _vno. 38 _xISSN 1414-4530 |
||
| 500 | _aSeveral bibliography; 7 illus.; 21 tables | ||
| 650 | _aAGRICULTURA | ||
| 650 | _aFÓSFORO | ||
| 650 | _aFOSFATO | ||
| 650 | _aAMINOÁCIDO | ||
| 650 | _aPLANTA | ||
| 650 | _aCRESCIMENTO | ||
| 909 |
_a202312 _bLúcia Elande _c55 _dLúcia Elande |
||
| 942 |
_2AGRIS _n0 _cMS |
||
| 999 |
_c298100 _d298100 |
||